| 000 | 01504cam a2200349Ka 4500 | ||
|---|---|---|---|
| 001 | gourmetsinshorto00yane | ||
| 003 | CaSfIA | ||
| 005 | 20210118090629.0 | ||
| 007 | cr|||| | ||
| 008 | 020104s1993 nyua 001 0 eng d | ||
| 010 | _a 93001027 | ||
| 040 |
_aEOW _cEOW _dBAKER _dOTP _dOCLCQ _dHALAN _dCaSfIA |
||
| 020 |
_a0679427457 (hc) : _c$25.00 |
||
| 020 | _a9780679427452 (hc) | ||
| 035 | _a(OCoLC)48693875 | ||
| 050 | 0 | 0 |
_aTX833.5 _b.G68 1993 |
| 082 | 0 | 0 |
_a641.5/55 _220 |
| 245 | 0 | 0 |
_aGourmet's in short order : _h[electronic resource] _brecipes in 45 minutes or less and easy menus / _cfrom the editors of Gourmet ; photographs by Romulo A. Yanes. |
| 260 |
_aNew York : _bCondé Nast Books, _cc1993. |
||
| 300 |
_a216 p. : _bill. ; _c26 cm. |
||
| 505 | 0 | _aIncludes indexes. | |
| 650 | 0 | _aQuick and easy cooking. | |
| 650 | 0 | _aMenus. | |
| 700 | 1 | _aYanes, Romulo A. | |
| 730 | 0 | _aGourmet. | |
| 856 | 4 | 1 |
_uhttp://www.archive.org/details/gourmetsinshorto00yane _zFree eBook from the Internet Archive |
| 856 | 4 | 2 |
_uhttp://www.openlibrary.org/books/OL22857994M _zAdditional information and access via Open Library |
| 029 | 1 |
_aAU@ _b000009954802 |
|
| 942 | _cEB | ||
| 506 | _fНеобхідна авторизація на https://archive.org/ (створення облікового запису безкоштовно) | ||
| 506 | _fНеобхідна авторизація на https://openlibrary.org/ (створення облікового запису безкоштовно) | ||
| 999 |
_c502572 _d502572 |
||